000 00542nam a2200181Ia 4500
008 090123s9999 xx 000 0 und d
082 _b3743
100 _aपुट्टप के. व्हि.
245 _aकाव्य तरंगिणी
250 _a5
260 _c1974
300 _a188
600 _aपुट्टप के. व्हि.
630 _aकाव्य तरंगिणी
700 _aपुट्टप के. व्हि.
730 _aकाव्य तरंगिणी
942 _cBOOK
999 _c41822
_d41822